Lektury i teksty na polski - poziom rozszerzony - Statystyki

Ogólne statystyki
  • Ten quiz został rozwiązany 609 razy
  • Średni wynik to 22 z 51
Statystyki odpowiedzi
Podpowiedź Odpowiedzi % Poprawnych
Pan Tadeusz Adam Mickiewicz
98%
Dziady Adam Mickiewicz
98%
Kordian Juliusz Słowacki
91%
Treny Jan Kochanowski
83%
Bolesław Prus Lalka
80%
Wesele Stanisław Wyspiański
78%
Władysław Reymont Chłopi
74%
Tango Sławomir Mrożek
74%
Przedwiośnie Stefan Żeromski
71%
Skąpiec Molier
70%
Fiodor Dostojewski Zbrodnia i Kara
70%
William Szekspir Makbet
68%
Odyseja Homer
66%
Henryk Sienkiewicz Potop
63%
Kamizelka Bolesław Prus
62%
Witold Gombrowicz Ferdydurke
61%
Nic dwa razy Wisława Szymborska
61%
Franz Kafka Proces
59%
Dżuma Albert Camus
54%
Nie-boska Komedia Zygmunt Krasiński
51%
Granica Zofia Nałkowska
50%
Joseph Wolfgang Goethe Cierpienia Młodego Wertera
48%
Sofokles Król Edyp
44%
Do Króla Ignacy Krasicki
41%
Przyjaciele Ignacy Krasicki
41%
Zdążyć przed Panem Bogiem Hanna Krall
39%
Joseph Conrad Jądro Ciemności
38%
Mistrz i Małgorzata Michaił Bułhakow
37%
Mendel Gdański Maria Konopnicka
36%
Proszę Państwa Do Gazu Tadeusz Borowski
31%
Witkacy Szewcy
29%
Gabriela Zapolska Moralność Pani Dulskiej
27%
Stefan Żeromski Syzyfowe Prace
24%
Moja Piosnka II Cyprian Kamil Norwid
23%
Melodia Mgieł Nocnych Kazimierz Przerwa-Tetmajer
23%
Koniec XIX wieku Kazimierz Przerwa-Tetmajer
23%
Do Trupa Jan Andrzej Morsztyn
22%
Autor Nieznany Bogurodzica
21%
Adam Mickiewicz (sonet) Stepy Akermańskie
19%
Kowal Leopold Staff
12%
Adam Mickiewicz (ballada) Lilije
12%
Cudzoziemka Maria Kuncewiczowa
12%
Juliusz Słowacki Testament Mój
12%
Marność Daniel Naborowski
10%
Wiosna Julian Tuwim
10%
Jan Kasprowicz Dies Irae
9%
O nietrwałości świata tego Mikołaj Sęp-Szarzyński
8%
Manekiny Bruno Szulc
7%
Transakcja Wojny Chocimskiej Wacław Potocki
7%
Adam Mickiewicz (liryk) Polały się łzy
3%
Jan Kochanowski (fraszka) Do gór i lasów
2%
Nie znaleziono quizów pasujących do podanych kryteriów
Rozkład punktacji
Procent ludzi z każdym wynikiem
Percentyl według liczby udzielonych odpowiedzi
Twoja historia wyników
Nie rozwiązałeś tego quizu